000 01204nam a2200373 a 4500
001 vtls000028096
003 NLI
005 20210601183103.0
008 101125s1990 nyua 000 0 eng
020 _c$ 29.95
039 9 _y201011250230
_zVLOAD
040 0 _aNLI
_beng
_cVERGIS-2003
041 0 _aeng
044 _anyu
082 0 4 _a709.95980904
245 0 0 _aModern indonesian art:
_bthree generations of tradition and change 1945-1990/
_cedited by Joseph Fischer
260 _aNew York:
_b[s.l],
_cc1990
300 _a222 p.:
_bill.;
_c24 cm.
504 _aBibliography: p. 190-194
650 0 _aIndonesian
_985619
650 0 _aArt, Modern
_y20th century
_zIndonesia
_985620
650 0 _aArt, Balinese
_985621
700 1 _aFischer, Joseph,
_4edt
_985622
887 _aS. Muthiah
901 _a519331
_b14/12/1992
902 _aE 709.95980904 M 72
903 _a22/03/2004
904 _aS. Muthiah
906 _a027995
949 _AVIRTUAITEM
_D10000
_F1
_X100
_6PUR000519331ENG
_aE 709.95980904 M72
942 _2ddc
_cBKS
999 _aVIRTUA
_c32011
_d32011
999 _aVTLSSORT0080*0200*0400*0410*0440*0820*2450*2600*3000*5040*6500*6501*6502*7000*8520*9010*9020*9030*9040*9060*9490*9991